|
|
|
|
| LEADER |
00000nam0a2200000 4500 |
| 001 |
354896 |
| 005 |
20231102010734.0 |
| 035 |
|
|
|a (RuTPU)RU\TPU\retro\12155
|
| 035 |
|
|
|a RU\TPU\book\140485
|
| 090 |
|
|
|a 354896
|
| 100 |
|
|
|a 20200629d1973 k y0rusy50 ca
|
| 101 |
0 |
|
|a rus
|
| 102 |
|
|
|a RU
|
| 105 |
|
|
|a a dm 001zy
|
| 200 |
1 |
|
|a Влияние поверхностных свойств многокомпонентных магнетитовых дисперсий на процесс мокрой агрегации
|e автореферат диссертации на соискание ученой степени кандидата химических наук
|e спец. 05.17.08
|f И. Н. Ланцман
|g Томский политехнический институт ; науч. рук. В. М. Витюгин
|
| 210 |
|
|
|a Томск
|d 1973
|
| 215 |
|
|
|a 18 с.
|c ил.
|
| 300 |
|
|
|a Защита сост. 19.04.1973 г.
|
| 320 |
|
|
|a Библиогр.: с. 17-18 (9 назв.)
|
| 606 |
1 |
|
|a Химические процессы и установки в целом
|2 stltpush
|3 (RuTPU)RU\TPU\subj\72033
|9 85649
|
| 606 |
1 |
|
|a Дисперсные системы
|x Агрегация
|2 stltpush
|3 (RuTPU)RU\TPU\subj\70905
|9 85057
|
| 610 |
1 |
|
|a мокрая агрегация
|
| 610 |
1 |
|
|a дисперсия
|
| 610 |
1 |
|
|a поверхностные свойства
|
| 610 |
1 |
|
|a дисперсные материалы
|
| 610 |
1 |
|
|a взаимодействие с водой
|
| 610 |
1 |
|
|a электрокинетические явления
|
| 610 |
1 |
|
|a физические свойства
|
| 610 |
1 |
|
|a гранулы
|
| 610 |
1 |
|
|a виброагрегаты
|
| 610 |
1 |
|
|a бентониты
|
| 610 |
1 |
|
|a магнетиты
|
| 610 |
1 |
|
|a углещелочной реагент
|
| 610 |
1 |
|
|a исследования
|
| 610 |
1 |
|
|a авторефераты диссертаций
|
| 610 |
1 |
|
|a труды учёных ТПУ
|
| 675 |
|
|
|a 66.02(04)
|v 4
|
| 675 |
|
|
|a 544.77.051/.052(04)
|v 4
|
| 686 |
|
|
|a 05.17.08.
|2 oksvnk
|
| 700 |
|
1 |
|a Ланцман
|b И. Н.
|g Ирина Николаевна
|
| 702 |
|
1 |
|a Витюгин
|b В. М.
|c российский химик-технолог
|c зав. кафедрой общей химической технологии Томского политехнического института
|f 1927-1989
|g Виктор Моисеевич
|2 stltpush
|3 (RuTPU)RU\TPU\pers\12387
|4 727
|
| 712 |
0 |
2 |
|a Томский политехнический институт
|2 stltpush
|3 (RuTPU)RU\TPU\col\1123
|6 1944-1991
|
| 801 |
|
1 |
|a RU
|b 63413507
|c 20080128
|g PSBO
|
| 801 |
|
2 |
|a RU
|b 63413507
|c 20210121
|g RCR
|
| 942 |
|
|
|c BK
|